In Plain English: Twelfth Night Quiz Stats

 Plays Quiz Updated May 14, 2018

Support Sporcle.
Go Orange.
Score 0/24 Timer 08:00
1 Play Today
% Correct
She only puts up with you because you're related.
86.5%
I'll book a room and make dinner plans while you're out sightseeing.
86.3%
You're a disgrace to attractive people everywhere, Sebastian.
85.4%
Get his urine tested.
84.6%
I look exactly like my dead brother.
84%
Be loud. Be rude. Just get it done.
83.2%
Everyone else go away.
82.9%
Let's just keep torturing him until we get bored.
82.6%
So much for keeping it a secret.
81.9%
I'm kind of a loner.
81.9%
He won't take no for an answer.
79.2%
You're too pretty not to have kids.
78.8%
% Correct
I know it's wrong. But I can't bring myself to care.
78.2%
Ask me anything.
78.2%
There's no doubt she wrote this.
78%
He has a legitimate beef.
75.9%
Our singing was fine. Bite me.
74.7%
You're just like a girl.
73.2%
It couldn't be clearer!
71.6%
Stop pretending like you don't know me.
71.3%
Lots of fun, for sure.
69.5%
I'm bad luck. You'd better stay away.
68.2%
Just go before I start crying.
68%
He's a total wuss.
62.3%

You're not logged in!

Compare scores with friends on all Sporcle quizzes.
OR
Log In

From the Vault

Rappers by Literal Image

by JackDots

If you don't feel like listening you can do it by sight here.
Remove Ads.
Support Sporcle.
Get the best of Sporcle when you Go Orange. This ad-free experience offers more features, more stats, and more fun while also helping to support Sporcle. Thank you for becoming a member.

Show Comments

Extras

Top Quizzes Today


Score Distribution

Your Account Isn't Verified!

In order to create a playlist on Sporcle, you need to verify the email address you used during registration. Go to your Sporcle Settings to finish the process.

Report this User

Report this user for behavior that violates our Community Guidelines.

Details: